| 000 | 00692nam a2200193 i 4500 | ||
|---|---|---|---|
| 001 | 90544 | ||
| 003 | ES-MaACL | ||
| 005 | 20230906180457.0 | ||
| 007 | t| | ||
| 008 | 050121s1912 sp ||||1| spa d | ||
| 100 | 1 |
_aLeguina, Enrique de. _971312 |
|
| 245 | 1 | 0 |
_aArquetas hispano-árabes / _capuntes reunidos por Enrique de Leguina, Barón de la Vega de Hoz. |
| 260 |
_aMadrid : _b[s.n.], _c1912 ( _fImp. Española) |
||
| 300 |
_a242 p. ; _c15 cm. |
||
| 505 | 8 | _aContiene: Noticia de algunas fiestas públicas celebradas en Santander. | |
| 650 | 4 |
_aFiestas- _zCantabria (Comunidad Autónoma) _9152629 |
|
| 650 | 4 |
_aRelicarios- _zEspaña. _9152630 |
|
| 852 |
_aES-MaACL _jR-3203 _xOlim:G-2925 |
||
| 999 |
_c90544 _d90544 |
||